[Event "Gibraltar Challengers op-B"]
[Site "Caleta"]
[Date "2020.01.27"]
[Round "3"]
[White "Longa Yauca, Javier"]
[Black "Prieto Martin, Alfonso"]
[Result "1-0"]
[WhiteElo "2154"]
[BlackElo "2181"]
[PlyCount "89"]
[EventDate "2020.01.25"]
[EventType "swiss"]
[EventRounds "5"]
[EventCountry "GGB"]
[SourceTitle "CBM 194 Extra"]
[Source "ChessBase"]
[SourceDate "2020.03.31"]
[SourceVersion "1"]
[SourceVersionDate "2020.03.31"]
[SourceQuality "1"]

1. Nf3 Nf6 2. g3 e6 3. Bg2 d5 4. c4 d4 5. d3 Nc6 6. 0-0 Be7 7. Bg5 0-0 8. e4 e5 9. Ne1 Nd7 10. Bxe7 Qxe7 11. f4 a5 12. Nd2 Nc5 13. f5 Qg5 14. Rf2 Bd7 15. Bf1 Rfe8 16. Ndf3 Qe7 17. Qd2 f6 18. Nh4 Qf7 19. Be2 Ne7 20. Neg2 Ra6 21. Raf1 g5 22. Nf3 h6 23. h4 Rf8 24. Nh2 Qg7 25. Ng4 Be8 26. hxg5 hxg5 27. Ne1 Nc6 28. Rh2 Kf7 29. Rh6 Ke7 30. Rf2 Nd7 31. Rfh2 Rf7 32. Nf3 Nf8 33. Bd1 Kd8 34. Ba4 Ne7 35. Bb5 Rb6 36. a4 Ng8 37. Rh8 Bxb5 38. axb5 a4 39. Qa5 Rd6 40. c5 Rdd7 41. Qa8+ Ke7 42. Qxb7 Kd8 43. c6 Rd6 44. Qb8+ Ke7 45. Qxc7+ 1-0

[Event "Gibraltar Challengers op-B"]
[Site "Caleta"]
[Date "2020.01.27"]
[Round "4"]
[White "Prieto Martin, Alfonso"]
[Black "Martinez Lopez, Jaime"]
[Result "1-0"]
[WhiteElo "2181"]
[BlackElo "2042"]
[PlyCount "53"]
[EventDate "2020.01.25"]
[EventType "swiss"]
[EventRounds "5"]
[EventCountry "GGB"]
[SourceTitle "CBM 194 Extra"]
[Source "ChessBase"]
[SourceDate "2020.03.31"]
[SourceVersion "1"]
[SourceVersionDate "2020.03.31"]
[SourceQuality "1"]

1. e4 g6 2. d4 Bg7 3. Nc3 d6 4. f4 a6 5. Nf3 b5 6. Bd3 Nd7 7. Ne2 c5 8. c3 Bb7 9. 0-0 Ngf6 10. e5 Nd5 11. Ng5 Nf8 12. Kh1 Qc7 13. Ng3 f6 14. exd6 exd6 15. Re1+ Ne7 16. f5 fxg5 17. Bxg5 0-0-0 18. Rxe7 Qc6 19. Rxb7 Qxb7 20. Bxd8 Kxd8 21. dxc5 d5 22. Be4 Nd7 23. Bxd5 Qc7 24. Be6 Ke8 25. Ne4 Be5 26. Qd5 gxf5 27. Bxd7+ 1-0

[Event "Gibraltar Challengers op-B"]
[Site "Caleta"]
[Date "2020.01.26"]
[Round "2"]
[White "Prieto Martin, Alfonso"]
[Black "Schouten, Freek"]
[Result "1-0"]
[WhiteElo "2181"]
[BlackElo "2084"]
[PlyCount "127"]
[EventDate "2020.01.25"]
[EventType "swiss"]
[EventRounds "5"]
[EventCountry "GGB"]
[SourceTitle "CBM 194 Extra"]
[Source "ChessBase"]
[SourceDate "2020.03.31"]
[SourceVersion "1"]
[SourceVersionDate "2020.03.31"]
[SourceQuality "1"]

1. e4 g6 2. d4 Bg7 3. Nc3 d6 4. Be3 a6 5. Qd2 Nd7 6. Nf3 b5 7. a4 b4 8. Nd5 a5 9. Bc4 e6 10. Nf4 Nb6 11. Bb3 Nf6 12. e5 Ne4 13. Qc1 Ba6 14. Nd3 Rc8 15. Bh6 Bxh6 16. Qxh6 Qe7 17. 0-0 d5 18. Rfe1 Nd7 19. Nf4 c6 20. Rxe4 dxe4 21. Ng5 c5 22. Nxe4 c4 23. Nd6+ Kd8 24. Nxc8 Kxc8 25. Ba2 Nb6 26. Bb1 Bb7 27. c3 b3 28. f3 Qf8 29. Qxf8+ Rxf8 30. Be4 Kc7 31. Bxb7 Kxb7 32. Kf2 Kc6 33. Ke3 h6 34. Ke4 Rd8 35. h4 Re8 36. Nh3 Rg8 37. Nf2 h5 38. Nh3 Kd7 39. Ng5 Ke7 40. Nh7 Nd5 41. Rd1 Rb8 42. Nf6 Nxf6+ 43. exf6+ Kxf6 44. d5 exd5+ 45. Rxd5 Re8+ 46. Kd4 Re2 47. g4 hxg4 48. fxg4 Rxb2 49. Kxc4 Rh2 50. Kxb3 Rxh4 51. g5+ Ke6 52. Rxa5 f5 53. gxf6 Kxf6 54. Ra8 g5 55. a5 Rh1 56. Kb4 g4 57. Rg8 Kf5 58. a6 Ra1 59. Kb5 Ra3 60. c4 Kf4 61. c5 g3 62. c6 Kf3 63. c7 Rc3 64. c8Q 1-0

[Event "Madrid-chT 1718"]
[Site "Madrid"]
[Date "2018.01.28"]
[Round "7.14"]
[White "Prieto Martin, Alfonso"]
[Black "Lopez Andujar Ocana, Antonio"]
[Result "1-0"]
[WhiteElo "2187"]
[BlackElo "2094"]
[PlyCount "41"]
[EventDate "2017.11.19"]
[EventType "team-tourn"]
[EventRounds "14"]
[EventCountry "ESP"]
[SourceTitle "EXT 2019"]
[Source "ChessBase"]
[SourceDate "2018.10.10"]
[SourceVersion "1"]
[SourceVersionDate "2018.10.10"]
[SourceQuality "1"]
[WhiteTeam "Alcorcon"]
[BlackTeam "Villaverde"]
[WhiteTeamCountry "ESP"]
[BlackTeamCountry "ESP"]

1. e4 e5 2. Nf3 Nc6 3. c3 d5 4. Qa4 dxe4 5. Nxe5 Qg5 6. Nxc6 Bd7 7. Qxe4+ Be7 8. Nxe7 Nxe7 9. Qe3 Qg6 10. d4 0-0 11. Qg3 Qc2 12. Na3 Qe4+ 13. Be3 Nf5 14. Qf4 Qd5 15. Bc4 Qxg2 16. 0-0-0 b5 17. Bd3 Nxe3 18. fxe3 Rfe8 19. Rhg1 Qd5 20. Qf6 g6 21. Bxg6 1-0

[Event "Madrid-chT 1718"]
[Site "Madrid"]
[Date "2017.12.17"]
[Round "4.15"]
[White "Prieto Martin, Alfonso"]
[Black "Yingrui, Lin"]
[Result "0-1"]
[WhiteElo "2187"]
[BlackElo "2142"]
[PlyCount "106"]
[EventDate "2017.11.19"]
[EventType "team-tourn"]
[EventRounds "14"]
[EventCountry "ESP"]
[SourceTitle "EXT 2019"]
[Source "ChessBase"]
[SourceDate "2018.10.10"]
[SourceVersion "1"]
[SourceVersionDate "2018.10.10"]
[SourceQuality "1"]
[WhiteTeam "Alcorcon"]
[BlackTeam "La Casa del Ajedrez"]
[WhiteTeamCountry "ESP"]
[BlackTeamCountry "ESP"]

1. e4 e5 2. Nf3 Nc6 3. d4 exd4 4. Nxd4 Bc5 5. Nxc6 Qf6 6. Qf3 dxc6 7. Nc3 Be6 8. a3 Bd4 9. Bd2 Qxf3 10. gxf3 Ne7 11. Nd1 f5 12. Bh3 Kf7 13. 0-0 g5 14. Bb4 g4 15. exf5 Bc4 16. fxg4 Bxf1 17. Kxf1 Nd5 18. Bd2 h6 19. Bg2 Rad8 20. c3 Be5 21. h3 Nf4 22. Be3 Rd7 23. c4 Rhd8 24. Bf3 Kf6 25. Ke1 Nxh3 26. Bxh6 Ng5 27. Bxg5+ Kxg5 28. Rb1 Rd3 29. Be2 Rh3 30. Ne3 Bf4 31. Nf1 Rb3 32. Bd1 Re8+ 33. Ne3 Rd3 34. Ke2 Rd4 35. b3 Bxe3 36. fxe3 Rxg4 37. Bc2 Rg2+ 38. Kd3 Kxf5 39. Rf1+ Ke6 40. Kc3 Rg3 41. Kd4 c5+ 42. Kxc5 Rxe3 43. Kb4 Re5 44. Rd1 a5+ 45. Ka4 Rf8 46. Rd2 Rf4 47. Rd8 Ke7 48. Rb8 b6 49. Bg6 Kd7 50. Rh8 Kc6 51. Rh5 Rxh5 52. Bxh5 b5+ 53. Kxa5 bxc4 0-1

[Event "Madrid-ch"]
[Site "Madrid"]
[Date "2017.06.09"]
[Round "5"]
[White "Martin Duque, Jesus"]
[Black "Prieto Martin, Alfonso"]
[Result "1-0"]
[WhiteElo "2342"]
[BlackElo "2210"]
[PlyCount "145"]
[EventDate "2017.06.05"]
[EventType "swiss"]
[EventRounds "7"]
[EventCountry "ESP"]
[SourceTitle "CBM 179 Extra"]
[Source "ChessBase"]
[SourceDate "2017.08.23"]
[SourceVersion "1"]
[SourceVersionDate "2017.08.23"]
[SourceQuality "1"]

1. e4 c5 2. Nf3 e6 3. d4 cxd4 4. Nxd4 Nf6 5. Nc3 Nc6 6. Ndb5 Bb4 7. a3 Bxc3+ 8. Nxc3 d5 9. Bd3 dxe4 10. Nxe4 Nxe4 11. Bxe4 Qxd1+ 12. Kxd1 Bd7 13. Be3 0-0 14. Kc1 Rfd8 15. b3 Na5 16. Bd2 Nc6 17. Kb2 Rac8 18. Bc3 Be8 19. Rad1 f6 20. f4 Bg6 21. Bf3 Rxd1 22. Rxd1 Rd8 23. Rxd8+ Nxd8 24. Bd4 a6 25. Bb6 Nc6 26. c4 e5 27. fxe5 fxe5 28. b4 e4 29. Be2 Kf7 30. b5 Ne5 31. bxa6 bxa6 32. c5 Nd3+ 33. Kc3 Ke6 34. Kd4 Bf5 35. g4 Bg6 36. Bd1 Nf2 37. Be2 Nd3 38. h3 Kd7 39. Bd1 Nf2 40. Ba4+ Ke6 41. Bb3+ Kd7 42. Bd5 Be8 43. c6+ Kd6 44. c7 Bd7 45. Bb7 Nxh3 46. c8Q Bxc8 47. Bxc8 Ng5 48. Bxa6 g6 49. Bc5+ Kc6 50. Be7 Ne6+ 51. Kxe4 Kd7 52. Bb4 h5 53. Bb5+ Kc7 54. Ke5 Ng5 55. gxh5 gxh5 56. Bc4 h4 57. Kf4 Nh3+ 58. Kg4 Nf2+ 59. Kxh4 Kb6 60. Kg3 Nd1 61. Kf3 Nb2 62. Bf1 Na4 63. Ke4 Kc6 64. Kd4 Nb6 65. Ba5 Nd7 66. a4 Nb8 67. Bg2+ Kd7 68. Kc5 Kc8 69. Kd6 Na6 70. Bc3 Nc7 71. Kc6 Na6 72. Kb6 Nb8 73. Bh3+ 1-0

[Event "Madrid-ch sf"]
[Site "Madrid"]
[Date "2017.04.04"]
[Round "7"]
[White "Prieto Martin, Alfonso"]
[Black "Pindado Campos, Raul"]
[Result "0-1"]
[WhiteElo "2228"]
[BlackElo "2046"]
[PlyCount "76"]
[EventDate "2017.03.27"]
[EventType "swiss"]
[EventRounds "9"]
[EventCountry "ESP"]
[SourceTitle "CBM 177 Extra"]
[Source "ChessBase"]
[SourceDate "2017.04.27"]
[SourceVersion "1"]
[SourceVersionDate "2017.04.27"]
[SourceQuality "1"]

1. e4 c5 2. Nf3 d6 3. d4 cxd4 4. Nxd4 Nf6 5. Nc3 a6 6. Be3 e6 7. f3 Be7 8. g4 b5 9. Qd2 Bb7 10. 0-0-0 Nc6 11. h4 Rc8 12. g5 Nd7 13. Be2 b4 14. Na4 Qa5 15. b3 Nxd4 16. Qxd4 e5 17. Qa7 Qc7 18. Nc5 Nxc5 19. Bxc5 Qxc5 20. Qxc5 Rxc5 21. Bc4 a5 22. Rd3 h6 23. Rg1 hxg5 24. hxg5 g6 25. Kb2 a4 26. c3 Rh2+ 27. Kb1 bxc3 28. Rxc3 Ba6 29. Rgc1 Bxg5 30. Bxa6 Bxc1 31. Rxc1 Rxc1+ 32. Kxc1 a3 33. Kb1 Rb2+ 34. Ka1 Rf2 35. b4 Kd7 36. Bc4 Kc7 37. Kb1 Rxf3 38. Kc2 g5 0-1

[Event "Benidorm op U2300 13th"]
[Site "Benidorm"]
[Date "2014.11.30"]
[Round "3"]
[White "Prieto Martin, Alfonso"]
[Black "Torres Sanchez, Jose"]
[Result "0-1"]
[WhiteElo "2182"]
[BlackElo "2277"]
[PlyCount "112"]
[EventDate "2014.11.28"]
[EventType "swiss"]
[EventRounds "10"]
[EventCountry "ESP"]
[SourceTitle "CBM 163 Extra"]
[Source "ChessBase"]
[SourceDate "2014.12.23"]
[SourceVersion "1"]
[SourceVersionDate "2014.12.23"]
[SourceQuality "1"]

1. e4 c5 2. Nf3 a6 3. c3 e6 4. d4 d5 5. exd5 Qxd5 6. Be2 Nf6 7. 0-0 Nc6 8. Be3 cxd4 9. cxd4 Be7 10. Nc3 Qa5 11. a3 Nd5 12. Qb3 0-0 13. Nxd5 Qxd5 14. Qxd5 exd5 15. Ne5 Bd6 16. Nxc6 bxc6 17. Rfc1 Bd7 18. Bd1 Rfb8 19. Ba4 Rxb2 20. Bxc6 Bxc6 21. Rxc6 Rab8 22. g3 R2b6 23. Rxd6 Rxd6 24. Bf4 Rdb6 25. Bxb8 Rxb8 26. Rc1 Kf8 27. Rc6 Rb3 28. Rxa6 Rd3 29. Ra4 Ke7 30. Kf1 Rd2 31. Ke1 Ra2 32. Ra6 Rc2 33. Ra5 Ke6 34. Rc5 Ra2 35. Rc3 h5 36. h4 f6 37. Rf3 Rc2 38. Kd1 Rc4 39. Rd3 Kf5 40. Ke2 Kg4 41. Rf3 Rxd4 42. Rf4+ Rxf4 43. gxf4 Kxf4 44. a4 Ke5 45. f4+ Kd4 46. a5 Kc5 47. f5 Kb5 48. Kd3 Kxa5 49. Kd4 Kb4 50. Kxd5 Kc3 51. Ke6 Kd4 52. Kf7 Ke5 53. Kg6 Kf4 54. Kxh5 Kg3 55. Kg6 Kxh4 56. Kxg7 Kg5 0-1

[Event "San Sebastian op 36th"]
[Site "San Sebastian"]
[Date "2013.03.23"]
[Round "1"]
[White "Prieto Martin, Alfonso"]
[Black "Armendariz Olalla, Sebastian"]
[Result "1-0"]
[WhiteElo "2181"]
[BlackElo "1673"]
[PlyCount "55"]
[EventDate "2013.03.23"]
[EventType "swiss"]
[EventRounds "9"]
[EventCountry "ESP"]
[SourceTitle "CBM 153 Extra"]
[Source "ChessBase"]
[SourceDate "2013.04.22"]
[SourceVersion "1"]
[SourceVersionDate "2013.04.22"]
[SourceQuality "1"]

1. c4 e5 2. Nc3 g6 3. Nf3 Bg7 4. e3 Ne7 5. Be2 0-0 6. 0-0 c5 7. d4 d6 8. b3 Nbc6 9. dxe5 dxe5 10. Bb2 f6 11. Nd2 Qa5 12. Nd5 Qd8 13. Ne4 b6 14. Bf3 Rb8 15. Ndxf6+ Bxf6 16. Nxf6+ Kg7 17. Nd5 Bb7 18. Be4 Qe8 19. f4 Kg8 20. fxe5 Nxd5 21. Qxd5+ Rf7 22. Rxf7 Qxf7 23. Qd6 Rd8 24. Bd5 Qxd5 25. cxd5 Rxd6 26. exd6 Nd8 27. Bf6 Nf7 28. d7 1-0

[Event "Moratalaz op 25th"]
[Site "Madrid"]
[Date "2012.09.23"]
[Round "9"]
[White "Prieto Martin, Alfonso"]
[Black "Elissalt Cardenas, Hector"]
[Result "0-1"]
[WhiteElo "2146"]
[BlackElo "2353"]
[PlyCount "74"]
[EventDate "2012.09.15"]
[EventType "swiss"]
[EventRounds "9"]
[EventCountry "ESP"]
[SourceTitle "CBM 150 Extra"]
[Source "ChessBase"]
[SourceDate "2012.10.19"]
[SourceVersion "1"]
[SourceVersionDate "2012.10.19"]
[SourceQuality "1"]

1. e4 g6 2. d4 Bg7 3. c4 d6 4. Nc3 e5 5. Nge2 Nc6 6. Be3 exd4 7. Nxd4 Nge7 8. Be2 0-0 9. Qd2 Bd7 10. 0-0-0 a6 11. h4 f5 12. exf5 Bxd4 13. Bxd4 Nxf5 14. Be3 Nxe3 15. Qxe3 Qf6 16. Bf3 Rae8 17. Nd5 Qg7 18. Qc3 Qxc3+ 19. bxc3 Ne5 20. Nxc7 Rc8 21. Nd5 Rxc4 22. Nb6 Rxc3+ 23. Kb2 Rc7 24. Rxd6 Bc6 25. h5 Nxf3 26. gxf3 Bxf3 27. Re1 Bxh5 28. Rd2 Rcf7 29. Rf1 Bf3 30. Nd7 Re8 31. Rc1 Kg7 32. Nc5 h5 33. Nb3 h4 34. Nd4 Bg2 35. f4 h3 36. Rf2 Re4 37. Rd1 Rxd4 0-1

[Event "Collado Villalba op-A 29th"]
[Site "Collado Villalba"]
[Date "2012.08.27"]
[Round "4"]
[White "Prieto Martin, Alfonso"]
[Black "Sterling Carmona, Francisco"]
[Result "1-0"]
[WhiteElo "2146"]
[BlackElo "1963"]
[PlyCount "100"]
[EventDate "2012.08.24"]
[EventType "swiss"]
[EventRounds "9"]
[EventCountry "ESP"]
[SourceTitle "CBM 150 Extra"]
[Source "ChessBase"]
[SourceDate "2012.10.19"]
[SourceVersion "1"]
[SourceVersionDate "2012.10.19"]
[SourceQuality "1"]

1. c4 e6 2. Nc3 d5 3. d4 Be7 4. cxd5 exd5 5. Bf4 c6 6. Qc2 Nf6 7. h3 Nbd7 8. e3 Nf8 9. Bd3 Ng6 10. Bh2 Nh4 11. f3 Bd6 12. Bxd6 Qxd6 13. Qf2 Ng6 14. Nge2 0-0 15. 0-0 b6 16. Rad1 Bb7 17. e4 Qb4 18. e5 Ne8 19. f4 f5 20. Ng3 Bc8 21. Kh2 Qe7 22. Rc1 Bd7 23. Nd1 Qf7 24. Ne3 Ne7 25. Ne2 g6 26. Qh4 Ng7 27. Ng1 Ne6 28. Nf3 c5 29. Ng5 Nxg5 30. Qxg5 Rac8 31. b3 Be6 32. Rf2 c4 33. bxc4 dxc4 34. Bxc4 Bxc4 35. Nxc4 Rxc4 36. Rxc4 Qxc4 37. Qxe7 Qxd4 38. Rf3 Rf7 39. Qe8+ Rf8 40. Qe6+ Kg7 41. h4 Qd8 42. Kh3 Re8 43. Qc4 Qd1 44. Qc7+ Kg8 45. Qc4+ Kg7 46. Kh2 Qd8 47. h5 Re7 48. Rd3 Qc7 49. h6+ Kf8 50. Qd4 g5 1-0

[Event "Collado Villalba op-A 29th"]
[Site "Collado Villalba"]
[Date "2012.08.25"]
[Round "2"]
[White "Martin Rueda, Daniel"]
[Black "Prieto Martin, Alfonso"]
[Result "1-0"]
[WhiteElo "2297"]
[BlackElo "2146"]
[PlyCount "91"]
[EventDate "2012.08.24"]
[EventType "swiss"]
[EventRounds "9"]
[EventCountry "ESP"]
[SourceTitle "CBM 150 Extra"]
[Source "ChessBase"]
[SourceDate "2012.10.19"]
[SourceVersion "1"]
[SourceVersionDate "2012.10.19"]
[SourceQuality "1"]

1. e4 Nf6 2. e5 Nd5 3. d4 d6 4. exd6 exd6 5. c4 Nb6 6. Nc3 Be7 7. Be3 Nc6 8. Qf3 0-0 9. 0-0-0 Be6 10. c5 Nc4 11. Bf4 d5 12. Bxc4 dxc4 13. d5 Nb4 14. dxe6 Nd3+ 15. Rxd3 cxd3 16. Qe4 Bxc5 17. Nf3 Bd6 18. Be3 Qe8 19. exf7+ Qxf7 20. Rd1 c6 21. Ng5 Qf5 22. Qc4+ Kh8 23. g4 Qg6 24. h4 b5 25. Qxc6 Rac8 26. Qxb5 Bf4 27. Qxd3 Qxd3 28. Rxd3 h6 29. Nge4 Rce8 30. Kd2 Rd8 31. Nd5 Bxe3+ 32. Kxe3 Rfe8 33. Kd4 Re6 34. f4 Ra6 35. a3 Ra4+ 36. b4 Ra6 37. f5 Rc6 38. Rc3 Rxc3 39. Nexc3 Kg8 40. Nb5 Rd7 41. Kc5 h5 42. g5 Rf7 43. Nd6 Rf8 44. Nf4 Rd8 45. Ne6 Rd7 46. f6 1-0

[Event "Collado Villalba op-A 29th"]
[Site "Collado Villalba"]
[Date "2012.08.24"]
[Round "1"]
[White "Prieto Martin, Alfonso"]
[Black "Velasco Garcia, Jorge Juan"]
[Result "1-0"]
[WhiteElo "2146"]
[BlackElo "1920"]
[PlyCount "89"]
[EventDate "2012.08.24"]
[EventType "swiss"]
[EventRounds "9"]
[EventCountry "ESP"]
[SourceTitle "CBM 150 Extra"]
[Source "ChessBase"]
[SourceDate "2012.10.19"]
[SourceVersion "1"]
[SourceVersionDate "2012.10.19"]
[SourceQuality "1"]

1. e4 e5 2. Nf3 Nf6 3. d4 Nxe4 4. Bd3 d5 5. dxe5 Nc5 6. Be2 Be7 7. 0-0 Nc6 8. Nbd2 0-0 9. Re1 Bg4 10. Nf1 Qd7 11. Ne3 Bxf3 12. Bxf3 Nxe5 13. Nxd5 Nxf3+ 14. Qxf3 Rfe8 15. Bf4 Bd6 16. Red1 Ne4 17. Rd4 Bxf4 18. Nf6+ Nxf6 19. Rxd7 Nxd7 20. Qxf4 Re5 21. Qd4 Rae8 22. f4 R5e7 23. Qxa7 Nf6 24. Qxb7 Ng4 25. Rf1 h5 26. h3 Nh6 27. f5 Re5 28. Qxc7 Nxf5 29. Kh2 R5e7 30. Qc5 Re5 31. Rxf5 Rxc5 32. Rxc5 h4 33. a4 Re1 34. Rc3 Rb1 35. b3 f5 36. a5 Kf7 37. Rc4 g5 38. a6 Rd1 39. a7 Rd8 40. b4 Ke6 41. b5 Kd5 42. Rc3 Re8 43. b6 g4 44. hxg4 fxg4 45. b7 1-0

[Event "Madrid-chT"]
[Site "Madrid"]
[Date "2012.02.19"]
[Round "11.22"]
[White "Prieto Martin, Alfonso"]
[Black "Almagro Llamas, Pablo"]
[Result "0-1"]
[WhiteElo "2158"]
[BlackElo "2461"]
[PlyCount "94"]
[EventDate "2011.11.13"]
[EventType "team-tourn"]
[EventRounds "14"]
[EventCountry "ESP"]
[SourceTitle "EXT 2013"]
[Source "ChessBase"]
[SourceDate "2012.11.22"]
[SourceVersion "1"]
[SourceVersionDate "2012.11.22"]
[SourceQuality "1"]
[WhiteTeam "Leganes"]
[BlackTeam "Virgen de Atocha"]
[WhiteTeamCountry "ESP"]
[BlackTeamCountry "ESP"]

1. c4 Nf6 2. Nc3 e5 3. Nf3 Nc6 4. d4 exd4 5. Nxd4 Bb4 6. Bg5 h6 7. Bh4 g5 8. Bg3 Bxc3+ 9. bxc3 Ne4 10. Qc2 Nxg3 11. hxg3 Qf6 12. e3 d6 13. Be2 Ne5 14. Rd1 Bd7 15. Qe4 0-0-0 16. Rb1 c6 17. 0-0 Qg6 18. Qxg6 Nxg6 19. Rfd1 Kc7 20. Rd2 h5 21. Rbd1 Bc8 22. f4 h4 23. Nf3 gxf4 24. gxf4 Bf5 25. Ng5 Rhf8 26. Bh5 f6 27. Nf3 Rh8 28. Bxg6 Bxg6 29. c5 d5 30. Kf2 Be4 31. Rh1 Rdg8 32. Rh3 b6 33. cxb6+ axb6 34. Kf1 Rg3 35. Kf2 Rxh3 36. gxh3 b5 37. Rd1 Bxf3 38. Kxf3 Rg8 39. Rh1 Rg3+ 40. Kf2 Kb6 41. Rh2 f5 42. Ke2 c5 43. Kd3 Kc6 44. Kd2 Rg1 45. Kc2 c4 46. Kb2 Rg3 47. Kc2 Rxe3 0-1

[Event "Madrid-chT"]
[Site "Madrid"]
[Date "2012.01.15"]
[Round "6.22"]
[White "Serrano Salvador, Eduardo"]
[Black "Prieto Martin, Alfonso"]
[Result "0-1"]
[WhiteElo "2364"]
[BlackElo "2158"]
[PlyCount "88"]
[EventDate "2011.11.13"]
[EventType "team-tourn"]
[EventRounds "14"]
[EventCountry "ESP"]
[SourceTitle "EXT 2013"]
[Source "ChessBase"]
[SourceDate "2012.11.22"]
[SourceVersion "1"]
[SourceVersionDate "2012.11.22"]
[SourceQuality "1"]
[WhiteTeam "Moratalaz"]
[BlackTeam "Leganes"]
[WhiteTeamCountry "ESP"]
[BlackTeamCountry "ESP"]

1. d4 e6 2. c4 Nf6 3. Nc3 Bb4 4. e3 0-0 5. Nge2 d5 6. a3 Be7 7. cxd5 exd5 8. Ng3 Re8 9. Bd3 c6 10. 0-0 Bd6 11. Nf5 Bxf5 12. Bxf5 Ne4 13. Nxe4 dxe4 14. Qg4 g6 15. f3 h5 16. Qh3 gxf5 17. fxe4 Rxe4 18. Qxf5 Qe7 19. g3 h4 20. Qh5 Nd7 21. Bd2 Nf8 22. Rf5 Ng6 23. Raf1 hxg3 24. hxg3 Rf8 25. Kg2 Kg7 26. d5 cxd5 27. Bc3+ Be5 28. Bb4 Bd6 29. Bc3+ d4 30. Bxd4+ Be5 31. Bxa7 b5 32. Bb6 Qb7 33. Qf3 f6 34. b3 Qc6 35. Bc5 Rc8 36. Rc1 Kf7 37. Kf2 Qd5 38. Rd1 Qxb3 39. Rd7+ Ke8 40. Qxe4 Kxd7 41. Rh5 Rxc5 42. Qxg6 Rc2+ 43. Kf3 Qd5+ 44. Kg4 Qd1+ 0-1

[Event "Madrid-chT"]
[Site "Madrid"]
[Date "2011.12.04"]
[Round "4.12"]
[White "Almagro Llamas, Pablo"]
[Black "Prieto Martin, Alfonso"]
[Result "1-0"]
[WhiteElo "2461"]
[BlackElo "2158"]
[PlyCount "127"]
[EventDate "2011.11.13"]
[EventType "team-tourn"]
[EventRounds "14"]
[EventCountry "ESP"]
[SourceTitle "EXT 2013"]
[Source "ChessBase"]
[SourceDate "2012.11.22"]
[SourceVersion "1"]
[SourceVersionDate "2012.11.22"]
[SourceQuality "1"]
[WhiteTeam "Virgen de Atocha"]
[BlackTeam "Leganes"]
[WhiteTeamCountry "ESP"]
[BlackTeamCountry "ESP"]

1. c4 Nf6 2. g3 e5 3. Bg2 d5 4. cxd5 Nxd5 5. Nf3 Nc6 6. 0-0 Be7 7. d4 exd4 8. Nxd4 Nxd4 9. Qxd4 Nf6 10. Qa4+ c6 11. Rd1 Qb6 12. Be3 Bc5 13. Bxc5 Qxc5 14. Nd2 0-0 15. Rac1 Qe7 16. e4 Bg4 17. Re1 Rfd8 18. Qc2 Qd7 19. Nc4 Qd3 20. e5 Qxc2 21. Rxc2 Nd7 22. f4 Be6 23. Nd6 Rab8 24. b4 a6 25. Kf2 Nb6 26. Ke3 f6 27. Rd2 fxe5 28. fxe5 Nc4+ 29. Nxc4 Bxc4 30. Red1 Rxd2 31. Rxd2 Be6 32. a4 Kf7 33. Be4 h6 34. Rd6 Ke7 35. Kd4 Rd8 36. Kc5 Rd7 37. a5 Rxd6 38. exd6+ Kd7 39. Bg6 Bg4 40. h4 Bh3 41. Kb6 Kxd6 42. Kxb7 Bf1 43. Kb6 Kd5 44. Bf7+ Kd6 45. Bg6 Kd5 46. Bf5 Kc4 47. Kxc6 Kxb4 48. Kb6 Kc3 49. Bc8 Kd4 50. Bxa6 Bg2 51. Bc8 Bf1 52. h5 Ke3 53. g4 Kf4 54. a6 Bxa6 55. Kxa6 Kg5 56. Bf5 Kf6 57. Kb6 Ke5 58. Kc7 Kf6 59. Kd6 Kf7 60. Ke5 Ke7 61. Bd3 Kf7 62. Kf5 Kg8 63. Kg6 Kf8 64. Bc4 1-0

[Event "Madrid-chT"]
[Site "Madrid"]
[Date "2011.11.20"]
[Round "2.42"]
[White "Vazquez Igarza, Renier"]
[Black "Prieto Martin, Alfonso"]
[Result "1-0"]
[WhiteElo "2566"]
[BlackElo "2158"]
[PlyCount "41"]
[EventDate "2011.11.13"]
[EventType "team-tourn"]
[EventRounds "14"]
[EventCountry "ESP"]
[SourceTitle "EXT 2013"]
[Source "ChessBase"]
[SourceDate "2012.11.22"]
[SourceVersion "1"]
[SourceVersionDate "2012.11.22"]
[SourceQuality "1"]
[WhiteTeam "Collado Villalba"]
[BlackTeam "Leganes"]
[WhiteTeamCountry "ESP"]
[BlackTeamCountry "ESP"]

1. d4 Nf6 2. c4 e6 3. Nc3 Bb4 4. Qc2 0-0 5. a3 Bxc3+ 6. Qxc3 Ne4 7. Qc2 f5 8. Nh3 b6 9. f3 Nf6 10. e3 Bb7 11. Bd3 Qe7 12. 0-0 c5 13. b3 d6 14. Bb2 Nbd7 15. Rae1 h6 16. Nf4 Qf7 17. d5 Nxd5 18. cxd5 Bxd5 19. e4 Bb7 20. exf5 exf5 21. Ne6 1-0

[Event "Collado Villalba op 28th"]
[Site "Collado Villalba"]
[Date "2011.08.28"]
[Round "6"]
[White "Madina Yadarola, Martin"]
[Black "Prieto Martin, Alfonso"]
[Result "1-0"]
[WhiteElo "2291"]
[BlackElo "2167"]
[PlyCount "99"]
[EventDate "2011.08.23"]
[EventType "swiss"]
[EventRounds "9"]
[EventCountry "ESP"]
[SourceTitle "CBM 144 Extra"]
[Source "ChessBase"]
[SourceDate "2011.10.28"]
[SourceVersion "1"]
[SourceVersionDate "2011.10.28"]
[SourceQuality "1"]

1. Nf3 Nf6 2. b3 d6 3. d4 g6 4. Bb2 Bg7 5. g3 c6 6. Nbd2 0-0 7. Bg2 Qc7 8. a4 Re8 9. Nc4 Bg4 10. 0-0 Nbd7 11. Re1 Rad8 12. h3 Bxf3 13. exf3 e5 14. a5 Nd5 15. Qd2 b5 16. axb6 axb6 17. Ne3 N7f6 18. Nxd5 cxd5 19. Bf1 e4 20. f4 Rc8 21. c3 h5 22. f5 Kh7 23. fxg6+ fxg6 24. c4 Bh6 25. Qc2 dxc4 26. bxc4 d5 27. c5 e3 28. Bd3 Ne4 29. f4 Bxf4 30. gxf4 Qxf4 31. Rf1 Nf2 32. Rxf2 Qxf2+ 33. Qxf2 exf2+ 34. Kxf2 bxc5 35. Ra7+ Kg8 36. dxc5 Rf8+ 37. Ke3 Rce8+ 38. Kd4 Rf4+ 39. Kxd5 Rd8+ 40. Ke5 Rf2 41. Bc4+ Kf8 42. Ba3 Rf5+ 43. Ke4 Re8+ 44. Kd3 Rf3+ 45. Kd4 Rf4+ 46. Kc3 Rf3+ 47. Bd3 Rd8 48. c6+ Kg8 49. Rd7 Ra8 50. Bc5 1-0

[Event "Collado Villalba op 28th"]
[Site "Collado Villalba"]
[Date "2011.08.25"]
[Round "3"]
[White "Prieto Martin, Alfonso"]
[Black "Martin Consuegra, Barrilero Javier"]
[Result "1-0"]
[WhiteElo "2167"]
[BlackElo "1892"]
[PlyCount "87"]
[EventDate "2011.08.23"]
[EventType "swiss"]
[EventRounds "9"]
[EventCountry "ESP"]
[SourceTitle "CBM 144 Extra"]
[Source "ChessBase"]
[SourceDate "2011.10.28"]
[SourceVersion "1"]
[SourceVersionDate "2011.10.28"]
[SourceQuality "1"]

1. e4 d6 2. d4 Nf6 3. Nc3 e5 4. Nf3 Nbd7 5. Bc4 Be7 6. 0-0 0-0 7. Re1 c6 8. a4 a5 9. h3 exd4 10. Nxd4 Nb6 11. Bf1 Ne8 12. Be3 g6 13. Qd2 Ng7 14. Rad1 Be6 15. b3 d5 16. Nxe6 fxe6 17. Bd4 Nd7 18. exd5 Bg5 19. Be3 Bxe3 20. Rxe3 exd5 21. Nxd5 Kh8 22. Nc7 Qxc7 23. Qxd7 Qb6 24. Qd2 Rad8 25. Bd3 Qc5 26. Qe2 Rde8 27. Re1 Rxe3 28. Qxe3 Qxe3 29. Rxe3 Re8 30. Rf3 Ne6 31. Rf7 Nc5 32. Kh2 Nxd3 33. cxd3 b5 34. Rc7 Rd8 35. Rxc6 Rxd3 36. Rc5 Rxb3 37. Rxb5 Ra3 38. Rxa5 Kg7 39. Ra7+ Kf6 40. f3 h5 41. h4 g5 42. Ra6+ Kf5 43. Ra5+ Kf4 44. hxg5 1-0